| 000 | 00851nam a22002417a 4500 | ||
|---|---|---|---|
| 001 | 7024 | ||
| 003 | FISKH | ||
| 005 | 20250619085827.0 | ||
| 008 | 250619b cb ||||| |||| 00| 0 eng d | ||
| 020 | _a9780531147580 | ||
| 040 |
_aFISKH _beng _cFISKH _dFISKH |
||
| 050 | _aND237.P65 V46 | ||
| 082 | _a759.13 | ||
| 100 | _aVenezia, Mike | ||
| 245 |
_aHorace Pippin : _cWritten and illustrated by Mike Venezia |
||
| 260 |
_aNew York ; _bScholastic, _c2008. |
||
| 300 |
_a32 pages : _bcolor illustrations ; _c24 cm |
||
| 490 | _aGetting to know the world's greatest artists | ||
| 520 | _aProvides an introduction to the life and career of twentieth-century American painter Horace Pippin, and includes examples of some of his most important works. | ||
| 650 |
_aArt Appreciation _vBiography _xBlack History |
||
| 942 |
_2ddc _cBK _n0 |
||
| 999 |
_c7024 _d7024 |
||